000 00296nam a22001337a 4500
008 170728b xxu||||| |||| 00| 0 eng d
020 _a9780312116125
041 _aeng
080 _a004
100 _a31
101 _aSHKI
245 _aTECHNOLOGY AND THE FUTURE
_cTEICH, A.H
942 _2udc
_cBK
999 _c22142
_d22142